বাংলা বিভাগের পঞ্চাশ বছরের ইতিহাস / (Record no. 19395)
[ view plain ]
| 000 -LEADER | |
|---|---|
| fixed length control field | 01158nam a22002417a 4500 |
| 001 - CONTROL NUMBER | |
| control field | 19395 |
| 003 - CONTROL NUMBER IDENTIFIER | |
| rucl marc code | BD-RjUL |
| 005 - DATE AND TIME OF LATEST TRANSACTION | |
| control field | 20211209000427.0 |
| 008 - FIXED-LENGTH DATA ELEMENTS--GENERAL INFORMATION | |
| fixed length control field | 160602s2005 bg o 000 0 ben d |
| 020 ## - INTERNATIONAL STANDARD BOOK NUMBER | |
| International Standard Book Number | 9843226941 : |
| Terms of availability | Tk. 300.00 |
| 035 ## - SYSTEM CONTROL NUMBER | |
| System control number | (BD-RjUL)19455 |
| 040 ## - CATALOGING SOURCE | |
| Original cataloging agency | BD-RjUL |
| Language of cataloging | ben |
| Transcribing agency | BD-RjUL |
| Modifying agency | BD-RjUL |
| 041 ## - LANGUAGE CODE | |
| Language code of text/sound track or separate title | ben |
| 082 ## - DEWEY DECIMAL CLASSIFICATION NUMBER | |
| Classification number | B 891.4409 |
| Author mark and year | JAB 2005 |
| Edition number | 23 |
| 100 10 - MAIN ENTRY--PERSONAL NAME | |
| Personal name | জালিল, মুহাম্মদ আবদুল. |
| 9 (RLIN) | 59624 |
| 245 ## - TITLE STATEMENT | |
| Title | বাংলা বিভাগের পঞ্চাশ বছরের ইতিহাস / |
| Statement of responsibility, etc. | মুহাম্মদ আবদুল জলিল. |
| 260 ## - PUBLICATION, DISTRIBUTION, ETC. (IMPRINT) | |
| Place of publication, distribution, etc. | রাজশাহী : |
| Name of publisher, distributor, etc. | রাজশাহী বিশ্ববিদ্যালয়, |
| Date of publication, distribution, etc. | ২০০৫. |
| 300 ## - PHYSICAL DESCRIPTION | |
| Pagination | ৩৪৪ পৃ. : |
| Illustrations | চিত্র ; |
| Size | ২১ সেমি. |
| 504 ## - BIBLIOGRAPHY, ETC. NOTE | |
| Bibliography, etc | গ্রন্থপুঞ্জি ও নির্ঘণ্ট সংযুক্ত. |
| 650 #0 - SUBJECT ADDED ENTRY--TOPICAL TERM | |
| Topical term or geographic name as entry element | রাজশাহী বিশ্ববিদ্যালয় |
| 9 (RLIN) | 59625 |
| General subdivision | বাংলা বিভাগের - ইতিহাস |
| Topical term or geographic name as entry element | Rajshahi University |
| General subdivision | Department of Bengali -- History. |
| 9 (RLIN) | 117020 |
| 942 ## - ADDED ENTRY ELEMENTS (KOHA) | |
| Source of classification or shelving scheme | Dewey Decimal Classification |
| Koha item type | Books |
| Lost status | Source of classification or shelving scheme | Damaged status | Not for loan | Collection code | Permanent Location | Current Location | Shelving location | Date acquired | Source of acquisition | Cost, normal purchase price | Total Checkouts | Full call number | Date last seen | Copy number | Koha item type |
|---|---|---|---|---|---|---|---|---|---|---|---|---|---|---|---|
| Dewey Decimal Classification | Non-fiction | Central Library, University of Rajshahi | Central Library, University of Rajshahi | 19/04/2006 | Bangla dept. R.U | 300.00 | B 891.4409 JAB 2005 | 02/06/2016 | C-2 | Books | |||||
| Dewey Decimal Classification | Non-fiction | Central Library, University of Rajshahi | Central Library, University of Rajshahi | 17/05/2009 | Author, Rajshahi | 300.00 | B 891.4409 JAB 2005 | 10/08/2016 | C-3 | Books | |||||
| Dewey Decimal Classification | Non-fiction | Central Library, University of Rajshahi | Central Library, University of Rajshahi | 17/05/2009 | Author, Rajshahi | 300.00 | B 891.4409 JAB 2005 | 10/08/2016 | C-4 | Books | |||||
| Dewey Decimal Classification | Non-fiction | Central Library, University of Rajshahi | Central Library, University of Rajshahi | 17/05/2009 | Author, Rajshahi | 300.00 | B 891.4409 JAB 2005 | 10/08/2016 | C-5 | Books | |||||
| Dewey Decimal Classification | Non-fiction | Central Library, University of Rajshahi | Central Library, University of Rajshahi | 17/05/2009 | Author, Rajshahi | 300.00 | B 891.4409 JAB 2005 | 10/08/2016 | C-6 | Books | |||||
| Dewey Decimal Classification | Non-fiction | Central Library, University of Rajshahi | Central Library, University of Rajshahi | 17/05/2009 | Author, Rajshahi | 300.00 | B 891.4409 JAB 2005 | 10/08/2016 | C-7 | Books | |||||
| Dewey Decimal Classification | Non-fiction | Central Library, University of Rajshahi | Central Library, University of Rajshahi | 17/05/2009 | Bangla dept. R.U | 300.00 | B 891.4409 JAB 2005 | 10/08/2016 | C-8 | Books |